000 00207nam a2200085Ia 4500
008 250605s9999 xx 000 0 und d
041 _aeng
100 _aPratyush Singh
245 _aAadvik Foods & Products Pvt Ltd
999 _c45725
_d45725